BOOK OF BUDDHA (Record no. 13641)
[ view plain ]
| 000 -LEADER | |
|---|---|
| fixed length control field | 00335nam a2200133Ia 4500 |
| 008 - FIXED-LENGTH DATA ELEMENTS--GENERAL INFORMATION | |
| fixed length control field | 240624s9999 xx 000 0 und d |
| 041 ## - LANGUAGE CODE | |
| Language code of text/sound track or separate title | eng |
| 082 ## - DEWEY DECIMAL CLASSIFICATION NUMBER | |
| Classification number | 954 SUB |
| 100 ## - MAIN ENTRY--PERSONAL NAME | |
| Personal name | SUBRAMANIAM ARUNDHATHI |
| 245 ## - TITLE STATEMENT | |
| Title | BOOK OF BUDDHA |
| 260 ## - PUBLICATION, DISTRIBUTION, ETC. | |
| Date of publication, distribution, etc. | 2005 |
| Place of publication, distribution, etc. | New Delhi |
| Name of publisher, distributor, etc. | Penguin/Viking |
| 300 ## - PHYSICAL DESCRIPTION | |
| Extent | ix, : 142 : p. : cm. ; 18 |
| 365 ## - TRADE PRICE | |
| Currency code | RS |
| Price amount | 30 |
| Withdrawn status | Lost status | Damaged status | Not for loan | Home library | Current library | Shelving location | Date acquired | Source of acquisition | Cost, normal purchase price | Total Checkouts | Full call number | Barcode | Date due | Date last seen | Date last checked out | Copy number | Price effective from | Koha item type |
|---|---|---|---|---|---|---|---|---|---|---|---|---|---|---|---|---|---|---|
| IMTN | IMTN | Rack 41-B | 08/13/2009 | PSBE | 225.00 | 2 | 954 SUB | 13641 | 01/25/2026 | 01/15/2026 | 01/15/2026 | 1 | 06/24/2024 | Books |